| 000 | 01066nam a2200313 i 4500 | ||
|---|---|---|---|
| 001 | bg | ||
| 003 | BPK | ||
| 005 | 20221214121527.0 | ||
| 008 | 980205s1997 pl f |000 0 pol | ||
| 015 | _aPB 1998/637 | ||
| 020 | _a8386421738 | ||
| 040 |
_aWA N _cBPK |
||
| 080 | _a657 | ||
| 080 | _a336.14 | ||
| 080 | _a(075.3) | ||
| 100 | 1 | _aPotoczny, Krzysztof. | |
| 245 | 1 | 0 |
_aRachunkowość budżetowa : _bpodręcznik / _cKrzysztof Potoczny. |
| 250 | _aWyd. 2. | ||
| 260 |
_aPoznań : _b"eMPi²", _c1997. |
||
| 300 |
_a187, [1] s. ; _c24 cm. |
||
| 490 | 1 | _aMateriały i Podręczniki Mariana Pietraszewskiego. | |
| 504 | _aBibliogr. s. 176, przepisy prawne s. 177. | ||
| 655 | 4 | _aPodręczniki dla szkół zawodowych | |
| 650 | 4 | _aRachunkowość budżetowa | |
| 710 | 2 |
_aWydawnictwo eMPi² Mariana Pietraszewskiego _4pbl. |
|
| 856 |
_uhttp://koha.tu.koszalin.pl/cgi-bin/koha/opac-detail.pl?biblionumber=33553 _yKatalog online BPK |
||
| 830 | 0 | _aMateriały i Podręczniki Mariana Pietraszewskiego | |
| 942 |
_2UKD _cKS |
||
| 999 |
_c33553 _d33553 |
||